Dutch Eredivisie Top 4 - Statistics

General Stats
  • This quiz has been taken 864 times
  • The average score is 71 of 82
Answer Stats
Year Answer % Correct
1957 Ajax
100%
1960 Ajax
100%
1966 Ajax
100%
1967 Ajax
100%
1968 Ajax
100%
1970 Ajax
100%
1972 Ajax
100%
1973 Ajax
100%
1977 Ajax
100%
1979 Ajax
100%
1980 Ajax
100%
1982 Ajax
100%
1983 Ajax
100%
1985 Ajax
100%
1990 Ajax
100%
1994 Ajax
100%
1995 Ajax
100%
1996 Ajax
100%
1998 Ajax
100%
2002 Ajax
100%
2004 Ajax
100%
2011 Ajax
100%
2012 Ajax
100%
2013 Ajax
100%
2014 Ajax
100%
2019 Ajax
100%
1961 Feyenoord
99%
1962 Feyenoord
99%
1965 Feyenoord
99%
1969 Feyenoord
99%
1971 Feyenoord
99%
1974 Feyenoord
99%
1984 Feyenoord
99%
1993 Feyenoord
99%
1999 Feyenoord
99%
2017 Feyenoord
99%
1963 PSV
99%
1975 PSV
99%
1976 PSV
99%
1978 PSV
99%
1986 PSV
99%
1987 PSV
99%
1988 PSV
99%
1989 PSV
99%
1991 PSV
99%
1992 PSV
99%
1997 PSV
99%
2000 PSV
99%
2001 PSV
99%
2003 PSV
99%
2005 PSV
99%
2006 PSV
99%
2007 PSV
99%
2008 PSV
99%
2015 PSV
99%
2016 PSV
99%
2018 PSV
99%
2009 AZ
90%
AZ
90%
1981 AZ '67
90%
2010 FC Twente
87%
FC Twente
87%
FC Twente '65
87%
SC Enschede
87%
FC Utrecht
80%
FC Groningen
74%
Vitesse
73%
1959 Sparta
71%
SC Heerenveen
70%
NAC
55%
ADO
50%
Willem II
48%
Rapid JC
46%
Roda JC
46%
Go Ahead
37%
Fortuna '54
36%
VVV
34%
FC Haarlem
28%
MVV
27%
1958 DOS
21%
1964 DWS
20%
Blauw Wit
7%
No matching quizzes found
Score Distribution
Percent of People with Each Score
Percentile by Number Answered
Your Score History
You have not taken this quiz